[Event "España ch 2009"]
[Site "Mallorca ESP"]
[Date "2009.09.30"]
[Round "5.27"]
[White "Serrano Bozada, Esteban"]
[Black "Machin Arbelo, Pedro Alexis"]
[Result "1-0"]
[WhiteElo "2217"]
[BlackElo "2052"]
[PlyCount "101"]
[EventDate "2009.09.26"]
[EventType "swiss"]
[EventRounds "9"]
[EventCountry "ESP"]
[Source "lmi"]
[SourceDate "2009.09.26"]
[WhiteTeamCountry "ESP"]
[BlackTeamCountry "ESP"]

1. e4 e6 2. d4 d5 3. Nd2 Nf6 4. e5 Nfd7 5. Bd3 c5 6. c3 Nc6 7. Ne2 Qb6 8. O-O
cxd4 9. cxd4 Nxd4 10. Nxd4 Qxd4 11. Nf3 Qb6 12. Qa4 Qb4 13. Qd1 Be7 14. a3 Qb6
15. Qa4 O-O 16. Bg5 f6 17. Qh4 g6 18. exf6 Bxf6 19. Rae1 e5 20. Bxf6 Qxf6 21.
Qxf6 Rxf6 22. Nxe5 Nc5 23. Bb1 b6 24. Ba2 Bb7 25. b4 Na4 26. Rc1 Re8 27. Rc7
Rxe5 28. Rxb7 Nc3 29. Bb3 Ne2+ 30. Kh1 Rf7 31. Rxf7 Kxf7 32. f4 Rh5 33. Rf2
Ng3+ 34. Kg1 Ne4 35. Rc2 a5 36. g4 a4 37. Ba2 Rh4 38. Bxd5+ Ke7 39. Bxe4 Rxg4+
40. Kf2 Rxf4+ 41. Ke3 Rh4 42. Kd4 Rh3 43. Ke5 Rxa3 44. Rc7+ Kd8 45. Rxh7 Re3
46. Ra7 a3 47. Kd6 Ke8 48. Bxg6+ Kf8 49. Bf5 Rb3 50. Ke6 Rxb4 51. Kf6 1-0

[Event "España ch 2009"]
[Site "Mallorca ESP"]
[Date "2009.10.01"]
[Round "6.9"]
[White "Garcia-Ortega Mendez, Jose M"]
[Black "Recuero Guerra, David"]
[Result "0-1"]
[WhiteElo "2277"]
[BlackElo "2492"]
[PlyCount "116"]
[EventDate "2009.09.26"]
[EventType "swiss"]
[EventRounds "9"]
[EventCountry "ESP"]
[Source "lmi"]
[SourceDate "2009.09.26"]
[WhiteTeam "Extremadura"]
[BlackTeam "Asturias"]
[WhiteTeamCountry "ESP"]
[BlackTeamCountry "ESP"]

1. d4 Nf6 2. c4 e6 3. Nf3 c5 4. g3 cxd4 5. Nxd4 Qc7 6. b3 Bb4+ 7. Bd2 Bc5 8. e3
Nc6 9. Nb5 Qb8 10. Bg2 a6 11. N5c3 b5 12. cxb5 axb5 13. O-O Be7 14. Ne2 b4 15.
Nd4 Nxd4 16. Bxa8 Ba6 17. exd4 Bxf1 18. Bf3 Ba6 19. a3 bxa3 20. Nxa3 O-O 21.
Nc4 Bb7 22. Bf4 Bxf3 23. Qxf3 Qb4 24. Ra8 d5 25. Rxf8+ Bxf8 26. Bd2 Qb7 27. Ne5
Ne4 28. Be1 f6 29. Ng4 Bb4 30. Bxb4 Qxb4 31. Qe3 Qd2 32. Kg2 h5 33. Qxd2 Nxd2
34. Ne3 Nxb3 35. Nc2 Kf7 36. Kf3 g5 37. h3 Nd2+ 38. Ke3 Nc4+ 39. Kd3 g4 40.
hxg4 hxg4 41. Ne1 e5 42. dxe5 fxe5 43. Nc2 Ke6 44. Kc3 Nd6 45. Kd3 Nf5 46. Kd2
e4 47. Nb4 d4 48. Nc2 Ke5 49. Na3 Nd6 50. Ke2 Kd5 51. Kd1 Kc5 52. Nc2 Nc4 53.
Kc1 d3 54. Ne3 Nxe3 55. fxe3 Kc4 56. Kd2 Kb3 57. Kd1 d2 58. Kxd2 Kb2 0-1